La interpretación del Nuevo Testamento: 1861-1961

Uloženo v:
Podrobná bibliografie
Hlavní autor: Neill, Stephen (autor)
Médium: Kniha
Jazyk:španělština
Vydáno: Barcelona Edicions 62 1967
Edice:Colecciones Península
Témata:
Tagy: Přidat tag
Žádné tagy, Buďte první, kdo vytvoří štítek k tomuto záznamu!

MARC

LEADER 00000nam a2200000 a 4500
001 UCL1820
003 CL-VaPUC
008 030926e19670900SP |||||||||||||||||spa|d
082 0 4 |a 225.6  |b NEI  |2 21 
100 |a Neill, Stephen  |e autor  |9 481151 
245 1 3 |a La interpretación del Nuevo Testamento: 1861-1961 
300 |a 427 p 
942 |c BK 
945 |d 20030926 00:00:00  |a vberengu 
260 |a Barcelona  |b Edicions 62  |c 1967 
650 0 |a Nuevo testamento  |9 257604 
650 0 |a Textos sagrados   |9 257605 
650 0 |a Evangelios  |9 314864 
650 0 |a Teología cristiana  |9 308336 
583 |a last modification  |c 20030926 00:00:00  |k Rodrigo Vera 
490 0 |a Colecciones Península 
999 |c 305260  |d 305258 
952 |0 0  |1 2  |4 0  |6 225_600000000000000_NEI_1967  |7 0  |8 A  |9 368385  |a BIBTEO  |b BIBTEO  |d 2019-11-21  |i 2078988  |o 225.6 NEI 1967  |p 2078988  |r 2019-11-21  |w 2019-11-21  |x Descarte 2019  |y BK  |k ICR